A Smaller Earth Group működésének vizsgálata és a magyar cégcsoport növekedési tendenciájának elemzése

Bibliographic Details
Main Author: Kárpáti Fanny
Other Authors: Zarándné Vámosi Dr. Kornélia
Format: Thesis
Kulcsszavak:Smaller Earth Group
Növekedési tendencia
Marketinstratégia
Online Access:http://dolgozattar.uni-bge.hu/13018

MARC

LEADER 00000nta a2200000 i 4500
001 dolg13018
005 20180227123746.0
008 171127suuuu hu om 000 hun d
040 |a BGE Dolgozattár Repozitórium  |b hun 
041 |a hu 
100 1 |a Kárpáti Fanny 
245 1 2 |a A Smaller Earth Group működésének vizsgálata és a magyar cégcsoport növekedési tendenciájának elemzése  |c Kárpáti Fanny  |h [elektronikus dokumentum] 
695 |a Smaller Earth Group 
695 |a Növekedési tendencia 
695 |a Marketinstratégia 
700 1 |a Zarándné Vámosi Dr. Kornélia  |e ths 
856 4 0 |u http://dolgozattar.uni-bge.hu/13018/1/szakdolgozat-v2.pdf  |z Dokumentum-elérés 
856 4 0 |u http://dolgozattar.uni-bge.hu/13018/2/HivatalosBejegyzes.pdf  |z Dokumentum-elérés